000 00533 a2200181 4500
003 OSt
005 20260326134806.0
008 240206b |||||||| |||| 00| 0 eng d
020 _a9789383756957
040 _cOCLC
082 _a823.91201
_bLAW/S
100 _aLawrence, D H
_94767
245 _aSundariyaya Sthreeyum Mattu Kadhakalum /
_cD. H. Lawrence
250 _a1st ed.
260 _aKOZHIKODE:
_bOLIVE PUBLICATION
_c2015.
300 _a226P.
942 _2ddc
_cBK
_h823.91201
_iLAW/S
_k823.91201
_mLAW/S
999 _c44318
_d44318